01080nam a22002653 4500001001700000003000700017005001700024007000700041008004100048040003200089020001500121020001800136035002100154050000700175100001900182245004900201260003000250300001300280856009000293856010100383942000700484506015000491506015400641999001900795shovelloom00frieCaSfIA20210119082137.0cr||||080604s1997 xx 000 0 eng d aYDXCPcYDXCPdBAKERdCaSfIA a089255231X a9780892552313 a(OCoLC)230776043 aPT1 aFriedman, Carl00aShovel and the loom.h[electronic resource]  aNew York :bPersea,c1997 ap.c cm.41uhttp://www.archive.org/details/shovelloom00friezFree eBook from the Internet Archive42uhttp://www.openlibrary.org/books/OL24219629MzAdditional information and access via Open Library cEB fНеобхідна авторизація на https://archive.org/ (створення облікового запису безкоштовно) fНеобхідна авторизація на https://openlibrary.org/ (створення облікового запису безкоштовно) c548688d548688